José Guadalupe Posada (Record no. 2516)

MARC details
000 -CABECERA
campo de control de longitud fija 00696nam a2200217 a 4500
001 - NÚMERO DE CONTROL
campo de control BRCA_2776
005 - FECHA Y HORA DE LA ÚLTIMA TRANSACCIÓN
campo de control 20190320203950.0
008 - DATOS DE LONGITUD FIJA--INFORMACIÓN GENERAL
campo de control de longitud fija 081208s1961----gw-a---###---#000-0#ger-u
050 #4 - SIGNATURA TOPOGRÁFICA DE LA BIBLIOTECA DEL CONGRESO
Número de clasificación NE546.P6
Número de documento/Ítem .S43 1961
100 1# - ENTRADA PRINCIPAL--NOMBRE DE PERSONA
Nombre de persona Posada, José Guadalupe
Fechas asociadas al nombre 1851-1913
9 (RLIN) 7810
245 10 - MENCIÓN DE TÍTULO
Título José Guadalupe Posada
Mención de responsabilidad, etc. Mit einer Einleitung von Hans F. Secker.
260 ## - PUBLICACIÓN, DISTRIBUCIÓN, ETC.
Lugar de publicación, distribución, etc. Dresden, Alemania
Nombre del editor, distribuidor, etc. Verlag der Kunst
Fecha de publicación, distribución, etc. 1961
300 ## - DESCRIPCIÓN FÍSICA
Extensión 24 p.
Otras características físicas il., 62 láminas
Dimensiones 30 cm.
500 ## - NOTA GENERAL
Nota general Incluye índice de ilustraciones.
500 ## - NOTA GENERAL
Nota general AA91
600 14 - PUNTO DE ACCESO ADICIONAL DE MATERIA--NOMBRE DE PERSONA
Nombre de persona Posada, José Guadalupe
Fechas asociadas al nombre 1851-1913
9 (RLIN) 7810
650 14 - PUNTO DE ACCESO ADICIONAL DE MATERIA--TÉRMINO DE MATERIA
Término de materia o nombre geográfico como elemento de entrada Grabadores mexicanos
9 (RLIN) 7389
700 1# - PUNTO DE ACCESO ADICIONAL--NOMBRE DE PERSONA
Nombre de persona Secker, Hans Friedrich
9 (RLIN) 7811
902 ## - CATALOGADOR
Iniciales GFM
942 ## - ELEMENTOS DE PUNTO DE ACCESO ADICIONAL (KOHA)
Fuente del sistema de clasificación o colocación Library of Congress Classification
Tipo de ítem Koha Libros
Holdings
Estado de retiro Estado de pérdida Estado dañado No para préstamo Localización permanente Ubicación/localización actual Fecha de adquisición Número de inventario Total de préstamos Signatura topográfica completa Código de barras Fecha visto por última vez Precio válido a partir de Tipo de ítem Koha
El ejemplar forma parte de la colección y puede ser consultado según las políticas vigentes.       Biblioteca del Museo Franz Mayer (Rogerio Casas-Alatriste) Biblioteca del Museo Franz Mayer (Rogerio Casas-Alatriste) 08/12/2008 AA91   NE546.P6 .S43 1961 (AA91) 2773 22/03/2019 22/03/2019 Libros